<?xml version="1.0" encoding="UTF-8"?>
<record
    xmlns:xsi="http://www.w3.org/2001/XMLSchema-instance"
    xsi:schemaLocation="http://www.loc.gov/MARC21/slim http://www.loc.gov/standards/marcxml/schema/MARC21slim.xsd"
    xmlns="http://www.loc.gov/MARC21/slim">

  <leader>01366nam a2200301   4500</leader>
  <controlfield tag="003">AUA.1</controlfield>
  <controlfield tag="005">20130522160828.0</controlfield>
  <controlfield tag="008">                                   eng  </controlfield>
  <datafield tag="035" ind1=" " ind2=" ">
    <subfield code="a">.b15061668</subfield>
  </datafield>
  <datafield tag="040" ind1=" " ind2=" ">
    <subfield code="c">AUA</subfield>
  </datafield>
  <datafield tag="050" ind1=" " ind2=" ">
    <subfield code="a">BX6101</subfield>
    <subfield code="b">.N49</subfield>
  </datafield>
  <datafield tag="099" ind1=" " ind2=" ">
    <subfield code="a">CAR Periodical</subfield>
  </datafield>
  <datafield tag="222" ind1="7" ind2="0">
    <subfield code="a">Northern Asia-Pacific Division News &amp; Views.</subfield>
  </datafield>
  <datafield tag="245" ind1="1" ind2="0">
    <subfield code="a">Northern Asia-Pacific Division News &amp; Views.</subfield>
  </datafield>
  <datafield tag="246" ind1=" " ind2=" ">
    <subfield code="a">News &amp; Views.</subfield>
  </datafield>
  <datafield tag="246" ind1="7" ind2=" ">
    <subfield code="a">News and Views.</subfield>
  </datafield>
  <datafield tag="246" ind1="7" ind2=" ">
    <subfield code="a">News &amp; Views (Northern Asia-Pacific Division)</subfield>
  </datafield>
  <datafield tag="247" ind1="7" ind2=" ">
    <subfield code="a">News and Views.</subfield>
  </datafield>
  <datafield tag="247" ind1="7" ind2=" ">
    <subfield code="a">News &amp; Views (Northern Asia-Pacific Division)</subfield>
  </datafield>
  <datafield tag="260" ind1="1" ind2=" ">
    <subfield code="a">Singapore.</subfield>
    <subfield code="c">2011</subfield>
  </datafield>
  <datafield tag="300" ind1=" " ind2=" ">
    <subfield code="a">33p.:</subfield>
    <subfield code="b">col. ill.</subfield>
  </datafield>
  <datafield tag="440" ind1=" " ind2=" ">
    <subfield code="a">News &amp; Views.</subfield>
    <subfield code="v">July/August 2011</subfield>
    <subfield code="9">36319</subfield>
  </datafield>
  <datafield tag="500" ind1=" " ind2=" ">
    <subfield code="a">Contents:
Do you feel a sense of urgency?
Revival for mission;
Golden Angels;
the great controversy project;
once a missionary, always a missionary;
is God calling you?
Hishands stories from Mongolia;
Joys, challenges of PMM in the field: Hong Kong, Congo, and Uganda;</subfield>
  </datafield>
  <datafield tag="700" ind1=" " ind2=" ">
    <subfield code="a">SukHee Han</subfield>
    <subfield code="e">Editor</subfield>
    <subfield code="9">36320</subfield>
  </datafield>
  <datafield tag="856" ind1=" " ind2=" ">
    <subfield code="u">http://www.nsdadventist.org/news/news_2.html</subfield>
    <subfield code="z">Northern Asia-Pacific Division News and Views (Online)</subfield>
  </datafield>
  <datafield tag="942" ind1=" " ind2=" ">
    <subfield code="2">lcc</subfield>
    <subfield code="c">PER</subfield>
    <subfield code="h">BX6101</subfield>
    <subfield code="i">.N49 2011</subfield>
  </datafield>
  <datafield tag="999" ind1=" " ind2=" ">
    <subfield code="c">10161</subfield>
    <subfield code="d">10161</subfield>
  </datafield>
  <datafield tag="952" ind1=" " ind2=" ">
    <subfield code="0">0</subfield>
    <subfield code="1">0</subfield>
    <subfield code="2">lcc</subfield>
    <subfield code="4">0</subfield>
    <subfield code="7">0</subfield>
    <subfield code="a">AUA.1</subfield>
    <subfield code="b">AUA.1</subfield>
    <subfield code="c">PER</subfield>
    <subfield code="d">2013-05-22</subfield>
    <subfield code="l">0</subfield>
    <subfield code="o">BX6101 .N49 2011</subfield>
    <subfield code="r">2013-05-22 00:00:00</subfield>
    <subfield code="w">2013-05-22</subfield>
    <subfield code="y">PER</subfield>
  </datafield>
</record>
